|
|
|
|
| LEADER |
00000nab a2200000 a 4500 |
| 001 |
vtls000775370 |
| 003 |
SK-MaSNL |
| 005 |
20260304174840.0 |
| 008 |
250429c2001 xo 0 slo |
| 015 |
|
|
|a SNBRB2001/11-33457
|
| 035 |
|
|
|a CLN000127157
|
| 035 |
|
|
|a urn:nbn:sk:snk-ab35c2
|
| 035 |
|
|
|a (urnnbn)urn:nbn:sk:snk:ar-a0688z
|
| 035 |
|
|
|a (uuid)a38f91ea-f917-4cf3-95b7-66efdb656b97
|
| 040 |
|
|
|a SNKBUCL
|b slo
|c SNKBUCL
|e AACR2
|
| 041 |
0 |
|
|a slo
|
| 044 |
|
|
|a xo
|c SK
|
| 080 |
|
|
|a 616.13-008.331.1:616.24
|2 1997
|
| 080 |
|
|
|a 616.24:616.13-008.331.1
|2 1997
|
| 080 |
|
|
|a 616.12-008.331.1
|2 1997
|
| 100 |
1 |
|
|a Sninčák, Marian,
|d 1948-
|4 aut
|9 28440
|
| 245 |
1 |
0 |
|a Hypertenzia a pľúcne ochorenia
|c Marian Sninčák
|
| 500 |
|
|
|a Práca prednesená na 3. bitematickom sympóziu Aerosóly - kardiorespiračné vzťahy v Košiciach v dňoch 5. a 6. septembra 2000
|
| 504 |
|
|
|a Bibliogr. odkazy
|
| 650 |
0 |
7 |
|a pľúca
|2 SNKPH
|9 16489
|
| 650 |
0 |
7 |
|a choroby pľúc
|2 SNKPH
|9 1247
|
| 650 |
0 |
7 |
|a arteriálna hypertenzia
|2 SNKPH
|9 29016
|
| 655 |
|
7 |
|a články z novín a časopisov
|2 SNK
|9 267496
|
| 711 |
1 |
|
|a Aerosóly - Kardiorespiračné vzťahy
|n (3. :
|d 2000 :
|c Košice, Slovensko)
|4 aut
|9 93459
|
| 773 |
0 |
|
|t Studia pneumologica et phthiseologica
|g Roč. 61, č. 4 (2001), s. 185-186
|x 0371-2222
|
| 850 |
|
|
|a Slovenská národná knižnica
|
| 852 |
|
|
|a Slovenská národná knižnica
|
| 954 |
|
|
|a odborná, vedecká literatúra pôvodná (slovenská)
|2 lita
|
| 958 |
|
|
|a article27
|
| 958 |
|
|
|a MI
|
| 958 |
|
|
|a NB
|
| 958 |
|
|
|a OND
|
| 958 |
|
|
|a EUIPO
|
| 999 |
|
|
|c 3010671
|d 3012601
|